Tesla - Elon Musk: Tương lai và những điều viễn tưởng
Tên sách tiếng Anh: Tesla motors: How elon musk and company made; Chia sẻ những câu chuyện về Elon Musk và quá trình 11 năm hoạt động của Telsa Motors, bí quyết thành công của Tesla trong ngành công nghiệp ô tô với công nghệ điện khí hóa (EV)...
محفوظ في:
| المؤلف الرئيسي: | |
|---|---|
| مؤلفون آخرون: | |
| التنسيق: | كتاب |
| اللغة: | Undetermined |
| منشور في: |
H.
Lao động
2018
|
| الموضوعات: | |
| الوصول للمادة أونلاين: | http://lrc.tdmu.edu.vn/opac/search/detail.asp?aID=2&ID=33075 |
| الوسوم: |
إضافة وسم
لا توجد وسوم, كن أول من يضع وسما على هذه التسجيلة!
|
| Thư viện lưu trữ: | Trung tâm Học liệu Trường Đại học Thủ Dầu Một |
|---|
| LEADER | 01087nam a2200217Ia 4500 | ||
|---|---|---|---|
| 001 | TDMU_33075 | ||
| 008 | 210410s9999 xx 000 0 und d | ||
| 082 | |a 158.1 | ||
| 090 | |b M434 | ||
| 100 | |a Morris, Charles | ||
| 245 | 0 | |a Tesla - Elon Musk: Tương lai và những điều viễn tưởng | |
| 245 | 0 | |c Charles Morris; Quốc Đạt dịch | |
| 260 | |a H. | ||
| 260 | |b Lao động | ||
| 260 | |c 2018 | ||
| 300 | |a 299tr. | ||
| 520 | |a Tên sách tiếng Anh: Tesla motors: How elon musk and company made; Chia sẻ những câu chuyện về Elon Musk và quá trình 11 năm hoạt động của Telsa Motors, bí quyết thành công của Tesla trong ngành công nghiệp ô tô với công nghệ điện khí hóa (EV) | ||
| 650 | |a Công nghiệp ô tô |z Mỹ; Công ty Tesla |x Ô tô điện |z Mỹ; Musk, Elon |x Doanh nhân |d 1971 | ||
| 700 | |a Quốc Đạt | ||
| 856 | |u http://lrc.tdmu.edu.vn/opac/search/detail.asp?aID=2&ID=33075 | ||
| 980 | |a Trung tâm Học liệu Trường Đại học Thủ Dầu Một | ||